000 00996cam a2200289 a 4500
005 20260322212032.0
008 data
010 _a 90034556
020 _a155670156X :
_c{dollar}29.95
020 _a9781556701566 :
_c{dollar}29.95
040 _aDLC
_cDLC
_dDLC
050 0 0 _aTX315
_b.N55 1990
082 0 0 _a645/.046
_220
092 _a645.04 N55 1990
100 1 _aNiles, Bo.
245 1 0 _aLiving with lace /
_cBo Niles & George Ross.
260 _aNew York :
_bDistributed by Workman Pub.,
_bDistributed by Workman Pub.,
_c1990.
300 _a175 p. :
_bill. (some col.) ;
_c29 cm.
500 _aIncludes index.
650 0 _aTextile fabrics in interior decoration.
650 0 _aLace and lace making.
700 1 _aRoss, George,
_d1959-
906 _a7
_bcbc
_corignew
_d1
_eocip
_f19
_gy-gencatlg
991 _bc-GenColl
_hTX315
_i.N55 1990
_tCopy 1
_wBOOKS
001 data
999 _c751
_d751